Kraje z J.Włoskiego na J.Polski - Statystyki

Ogólne statystyki
  • Ten quiz został rozwiązany 282 razy
  • Średni wynik to 12 z 15
Statystyki odpowiedzi
j.włoski j.polski % Poprawnych
Brasile brazylia
100%
Germania niemcy
100%
Colombia kolumbia
97%
Polonia polska
97%
Russia rosja
97%
Italia włochy
97%
Arabia Saudita arabia saudyjska
96%
Australia australia
96%
Nuova Zelanda nowa zelandia
96%
algeria algieria
95%
Francia francja
95%
catarro katar
68%
Giappone japonia
43%
porcellana chiny
15%
Gli Stati Uniti stany zjednocznone
14%
Nie znaleziono quizów pasujących do podanych kryteriów
Rozkład punktacji
Procent ludzi z każdym wynikiem
Percentyl według liczby udzielonych odpowiedzi
Twoja historia wyników
Nie rozwiązałeś tego quizu